000 00290nam a22001337a 4500
008 181031b xxu||||| |||| 00| 0 eng d
020 _a9780534081966
041 _aeng
080 _a371
100 _a46
101 _aEDU
245 _aLogic in Everyday Life
_cSeech, Z
942 _2udc
_cBK
999 _c51321
_d51321